[Event "Mechanics' Fall TNM; 30/90, SD/30"]
[Site "San Francisco"]
[Date "2014.11.04"]
[Round "3.38"]
[White "Hilliard, Michael"]
[Black "Hack, Richard"]
[Result "0-1"]
[WhiteElo "1400"]
[BlackElo "1664"]
[PlyCount "64"]
[EventDate "2014.??.??"]

1. d4 f5 2. Bf4 Nf6 3. e3 g6 4. h4 h6 5. Be2 Bg7 6. Rh3 Rg8 7. Rg3 Bf8 8. Nc3
d6 9. Qd3 Be6 10. d5 Bf7 11. O-O-O Nbd7 12. Bf3 a6 13. e4 Nc5 14. Qe2 fxe4 15.
Nxe4 Ncxe4 16. Bxe4 Qd7 17. Rgd3 O-O-O 18. Kb1 g5 19. Bg3 Nxe4 20. Qxe4 Bg6 21.
Qd4 Bxd3 22. Rxd3 Kb8 23. h5 Re8 24. f3 Bg7 25. Qb4 Qb5 26. Be1 Qxb4 27. Bxb4
e5 28. Re3 Rgf8 29. Bc3 Bh8 30. Re4 Rf4 31. Ne2 Rxe4 32. fxe4 Rf8 0-1

[Event "Mechanics' Spring TNM; 30/90, SD/30"]
[Site "San Francisco"]
[Date "2014.03.18"]
[Round "1.30"]
[White "Hilliard, Michael"]
[Black "McCarty-Snead, Fianna"]
[Result "1-0"]
[WhiteElo "1400"]
[BlackElo "569"]
[Annotator "Donaldson"]
[PlyCount "39"]
[EventDate "2014.??.??"]

1. d4 Nc6 2. Nf3 d5 3. e3 Bf5 4. Nbd2 Nf6 (4... Nb4 5. Bb5+ c6 6. Ba4 Nf6 7.
O-O e6) 5. c4 e5 6. dxe5 Ng4 7. Qb3 $1 Be4 8. Qxb7 Bxf3 $2 (8... Nb4 9. Nxe4
Rb8 10. Qxa7 Ra8 11. Qb7 Rb8 $11) 9. Qxc6+ Ke7 10. Nxf3 Qd7 11. Qxa8 Ke6 12.
cxd5+ Qxd5 13. Qxd5+ Kxd5 14. b3 Bb4+ 15. Bd2 Bxd2+ 16. Kxd2 Nxf2 17. Rg1 Ne4+
18. Ke1 Rd8 19. Rd1+ Nd2 20. Rxd2+ 1-0

[Event "Mechanics' Spring TNM; 30/90, SD/30"]
[Site "San Francisco"]
[Date "2014.04.29"]
[Round "7.34"]
[White "Hilliard, Michael"]
[Black "Moore, Aaron"]
[Result "0-1"]
[WhiteElo "1400"]
[BlackElo "1519"]
[PlyCount "98"]
[EventDate "2014.??.??"]

1. d4 e6 2. Nf3 d5 3. e3 Nf6 4. Bd3 c5 5. c3 Nc6 6. Nbd2 cxd4 7. cxd4 Bd6 8.
O-O Bd7 9. a3 O-O 10. Re1 e5 11. dxe5 Nxe5 12. Nxe5 Bxe5 13. Nf3 Bg4 14. Be2
Bd6 15. Nd4 Bxe2 16. Qxe2 Qc7 17. g3 Qd7 18. b4 Qh3 19. Bb2 Be5 20. Rad1 Rad8
21. Nc6 bxc6 22. Bxe5 Ng4 23. f4 Nxe5 24. fxe5 Rfe8 25. Qb2 Qh5 26. Qc2 Rxe5
27. Rd4 Qg5 28. Rh4 g6 29. e4 f5 30. Qxc6 fxe4 31. Qc7 Qe7 32. Qc3 d4 33. Qc4+
Kg7 34. Rf4 g5 35. Rf2 e3 36. Rf3 e2 37. Qd3 Re3 38. Rxe3 Qxe3+ 39. Qxe3 dxe3
40. Rxe2 Rd3 41. a4 Kf6 42. Kg2 g4 43. h3 h5 44. hxg4 hxg4 45. Kf1 Ke5 46. Ke1
Ke4 47. Rc2 Kf3 48. Rc7 Ra3 49. Rxa7 Ra1# 0-1

[Event "Mechanics' Fall TNM; 30/90, SD/30"]
[Site "San Francisco"]
[Date "2014.12.09"]
[Round "7.39"]
[White "Hilliard, Michael"]
[Black "Oyuntseren, Togtokh"]
[Result "1-0"]
[WhiteElo "1400"]
[BlackElo "1561"]
[PlyCount "109"]
[EventDate "2014.??.??"]

1. d4 d5 2. Nf3 Nc6 3. c3 a6 4. e3 Nf6 5. Bd3 Bg4 6. Nbd2 e5 7. dxe5 Nxe5 8.
Be2 Bxf3 9. Nxf3 Nxf3+ 10. Bxf3 c6 11. O-O Bd6 12. Re1 O-O 13. Bd2 Re8 14. c4
dxc4 15. Rc1 c3 16. Bxc3 Be5 17. Qb3 Qc7 18. g3 Rab8 19. Red1 Bxc3 20. Rxc3 Ne4
21. Rc4 Nd6 22. Rf4 Re7 23. Qc3 Kf8 24. Qd3 Re6 25. Rh4 h6 26. Qh7 Ne8 27. Qd3
Re7 28. Bg2 b5 29. Rd4 Nf6 30. Rd8+ Rxd8 31. Qxd8+ Ne8 32. Qa8 Qb7 33. Bxc6
Qxa8 34. Bxa8 Rc7 35. Rd2 Ke7 36. Kg2 Nd6 37. Bd5 f5 38. b3 b4 39. Kf3 Kf6 40.
Kf4 g5+ 41. Kf3 Ke5 42. h3 h5 43. g4 Rc5 44. Bg8 hxg4+ 45. hxg4 Ne4 46. Re2
fxg4+ 47. Kg2 Nf6 48. Bc4 a5 49. Kg3 Kf5 50. Bd3+ Ke5 51. Rc2 Ne4+ $4 52. Bxe4
Rc3 53. Rxc3 bxc3 54. Bc2 Kd5 55. Kxg4 1-0

[Event "Mechanics' Fall TNM; 30/90, SD/30"]
[Site "San Francisco"]
[Date "2014.11.18"]
[Round "4.43"]
[White "Hilliard, Michael"]
[Black "Ross, David Yaguda"]
[Result "1-0"]
[WhiteElo "1400"]
[BlackElo "1511"]
[PlyCount "67"]
[EventDate "2014.??.??"]

1. d4 Nf6 2. Nf3 g6 3. e3 Bg7 4. Bd3 O-O 5. O-O c5 6. c3 d6 7. Nbd2 a6 8. b4
Nbd7 9. a3 b5 10. Bb2 c4 11. Bc2 Bb7 12. a4 Qc7 13. Re1 e5 14. e4 Nh5 15. dxe5
dxe5 16. Ng5 Bh6 17. Ndf3 Rfd8 18. Re2 Nc5 19. Qe1 Nd3 20. Bxd3 cxd3 21. Rd2
Rd7 22. g3 f6 23. Ne6 Qc4 24. Nc5 Bxd2 25. Nxd2 Qf7 26. Nxd7 Qxd7 27. a5 Rc8
28. Qe3 Ng7 29. Rd1 Rd8 30. Nb3 Qg4 31. f3 Nf5 32. Qf2 Qg5 33. Bc1 d2 34. Rxd2
1-0

[Event "Mechanics' Whitehead TNM; 30/90, SD/30"]
[Site "San Francisco"]
[Date "2014.09.02"]
[Round "5.15"]
[White "Hilliard, Michael"]
[Black "Sahin, Ozgur"]
[Result "0-1"]
[WhiteElo "1400"]
[BlackElo "1969"]
[Annotator "Donaldson"]
[PlyCount "98"]
[EventDate "2014.??.??"]

1. d4 Nf6 2. Nf3 e6 3. e3 Nc6 4. Bd3 d5 5. Nbd2 Bd6 6. O-O Bd7 7. a3 a6 8. Re1
O-O 9. e4 dxe4 10. Nxe4 Nxe4 11. Rxe4 Be7 12. c3 Re8 13. Qc2 Bf6 14. Bf4 Ne7
15. Be5 Ng6 16. Bxf6 Qxf6 17. Rae1 Bc6 18. R4e3 h6 19. Be4 Bxe4 20. Rxe4 Rad8
21. Ne5 Nh4 22. Ng4 $6 (22. Qe2 $14) 22... Qg6 23. Qe2 $2 {Diagram #} f5 {
This move looks ugly but it wins material!} 24. Nxh6+ Qxh6 25. Rxe6 Rxe6 26.
Qxe6+ Qxe6 27. Rxe6 Kf7 28. Re3 Re8 29. Kf1 Rxe3 30. fxe3 g5 31. Kf2 Ke6 32. g3
Ng6 33. c4 b5 34. b3 c6 35. Kf3 Ne7 36. e4 Nc8 37. exf5+ Kxf5 38. g4+ Ke6 39.
c5 Ne7 40. Ke4 Nd5 41. Kf3 Nf6 42. h3 Kd5 43. Ke3 Nh7 44. b4 Nf8 45. h4 gxh4
46. Kf4 Ne6+ 47. Kf3 Kxd4 48. Kg2 Ng5 49. Kh2 Kc3 0-1

[Event "Mechanics' Winter TNM; 30/90, SD/30"]
[Site "San Francisco"]
[Date "2014.01.28"]
[Round "4.36"]
[White "Hilliard, Michael"]
[Black "Schlosberg, Max"]
[Result "1-0"]
[WhiteElo "1400"]
[BlackElo "1267"]
[PlyCount "57"]
[EventDate "2014.??.??"]

1. d4 Nf6 2. Nf3 c5 3. c3 e6 4. e3 d5 5. Bd3 Nc6 6. Nbd2 Bd6 7. O-O O-O 8. dxc5
Bxc5 9. b4 Bb6 10. Qc2 a6 11. a3 e5 12. e4 d4 13. Bb2 dxc3 14. Bxc3 Re8 15. Nc4
Nd4 16. Bxd4 Bxd4 17. Nxd4 Qxd4 18. Rfe1 b5 19. Ne3 Be6 20. Rad1 Qb6 21. Qb2
Nd7 22. Be2 Rac8 23. Nd5 Qb7 24. Qd2 f6 25. Qe3 Red8 26. Ne7+ Kh8 27. Nxc8 Rxc8
28. Rd6 Nf8 29. Qb6 1-0

[Event "Mechanics' SummerTNM; 30/90, SD/30"]
[Site "San Francisco"]
[Date "2014.06.17"]
[Round "4.37"]
[White "Hilliard, Michael"]
[Black "Zaman, Ahyan"]
[Result "0-1"]
[WhiteElo "1400"]
[BlackElo "969"]
[Annotator "Donaldson"]
[PlyCount "84"]
[EventDate "2014.??.??"]

1. d4 d5 2. Nf3 e6 3. e3 Nc6 (3... c5 4. c3 Nc6) 4. Nbd2 Nf6 5. Bd3 Bd6 6. c3
O-O 7. O-O Re8 (7... e5 $1) 8. e4 dxe4 9. Nxe4 Nxe4 10. Bxe4 Bd7 11. Qc2 (11.
Bxh7+ $2 Kxh7 12. Ng5+ Kg8 (12... Kh8 13. Qh5+ Kg8 14. Qxf7+ Kh8 15. Qh5+ Kg8
16. Qh7+ Kf8 17. Qh8+ Ke7 18. Qxg7#) 13. Qh5 Qf6 14. Qh7+ Kf8) (11. Ng5 h6 12.
Bh7+ Kf8 13. Ne4) 11... f5 (11... h6) 12. Bd3 h6 13. Re1 Qf6 14. Bc4 Na5 15.
Bb3 Bc6 16. Ne5 Be4 17. Qe2 Nc6 18. f3 Bd5 19. Bc2 Na5 (19... Nxe5 20. dxe5
Bc5+ 21. Be3 Qe7) 20. f4 Bxe5 21. Qxe5 Qg6 22. Qe2 Nc4 23. Bb3 b5 (23... Nd6)
24. a4 Na5 25. Bxd5 exd5 26. Be3 Nc4 27. Qf2 bxa4 28. Rxa4 Rab8 29. b4 Qe6 (
29... a5 $1 30. bxa5 Rb2 31. Qf3 Nxe3 32. Rxe3 Rxe3) 30. Raa1 $4 (30. Bd2 Qd7
31. Raa1 Nd6) 30... Nxe3 31. Qf3 Qe4 32. Qg3 Qd3 33. Rac1 Qd2 34. Qf3 Nc2 35.
Qxd5+ Kh8 36. Rxe8+ Rxe8 37. Rf1 Ne3 38. Qc6 Rg8 (38... Re4) 39. Ra1 g6 40.
Qf6+ Rg7 41. Qc6 Nd1 42. Rxa7 (42. Qf3 Qe1+ 43. Qf1 Qe3+ 44. Kh1 Nf2+ 45. Kg1
Nh3+ 46. Kh1 Nxf4 47. Re1 Qd2) 42... Qe1# 0-1

[Event "Mechanics' Whitehead TNM; 30/90, SD/30"]
[Site "San Francisco"]
[Date "2014.08.12"]
[Round "2.28"]
[White "Hood, Bryan"]
[Black "Casares, Nick"]
[Result "1-0"]
[WhiteElo "1258"]
[BlackElo "1600"]
[PlyCount "51"]
[EventDate "2014.??.??"]

1. d4 d5 2. c4 dxc4 3. e3 b5 4. b3 Ba6 5. bxc4 e6 6. Qf3 c6 7. cxb5 Bb4+ 8. Bd2
Bxd2+ 9. Nxd2 Bb7 10. bxc6 Bxc6 11. Bb5 Qd5 12. Bxc6+ Nxc6 13. Qg3 Nge7 14.
Ngf3 O-O 15. O-O Rab8 16. Rfc1 Rb2 17. Rc5 Qd7 18. Ne4 Qb7 19. Rf1 Kh8 20. Rh5
Nxd4 {Diagram [#]} 21. Rxh7+ Kxh7 22. Nfg5+ Kg8 23. Qh4 Ne2+ 24. Kh1 Re8 {
Diagram [#]} 25. Nf6+ Kf8 26. Ngh7# 1-0

[Event "Mechanics' Spring TNM; 30/90, SD/30"]
[Site "San Francisco"]
[Date "2014.04.15"]
[Round "5.27"]
[White "Hood, Bryan"]
[Black "Cole, Tony"]
[Result "1-0"]
[WhiteElo "1095"]
[BlackElo "1444"]
[PlyCount "61"]
[EventDate "2014.??.??"]

1. e4 e5 2. Nf3 Nc6 3. Bb5 Nge7 4. O-O d6 5. d4 Bd7 6. d5 Nb8 7. Nc3 a6 8. Ba4
c6 9. dxc6 Bxc6 10. Be3 b5 11. Bb3 f6 12. Be6 b4 13. Nd5 Nd7 14. Ng5 fxg5 15.
Qf3 Nf6 16. Nxf6+ gxf6 17. Qxf6 Qc7 18. Bf7+ Kd7 19. Be6+ Ke8 20. Qxh8 Bxe4 21.
Qf6 Nd5 22. Bxd5 Bxd5 23. Qxg5 Qxc2 24. b3 Qe4 25. f3 Qc2 26. Rfc1 Qe2 27. Bf2
Qb2 28. Qf5 h6 29. Rab1 Qxa2 30. Rc7 Bxb3 31. Qd7# 1-0

[Event "Mechanics' Winter TNM; 30/90, SD/30"]
[Site "San Francisco"]
[Date "2014.01.14"]
[Round "2.36"]
[White "Hood, Bryan"]
[Black "Cole, Tony"]
[Result "0-1"]
[WhiteElo "979"]
[BlackElo "1487"]
[PlyCount "62"]
[EventDate "2014.??.??"]

1. e4 e5 2. Nf3 Nc6 3. Bc4 h6 4. d4 exd4 5. Nxd4 Qf6 6. Nb5 Bd6 7. N1c3 Nge7 8.
Nd5 Nxd5 9. exd5 Ne7 10. Nxd6+ Qxd6 11. O-O b6 12. Re1 O-O 13. Qg4 Ng6 14. b3
Bb7 15. Bb2 Rae8 16. Qd4 f6 17. g3 Ne5 18. Kg2 Kh8 19. Rad1 c6 20. Qh4 b5 21.
dxc6 Bxc6+ 22. Kf1 Qb8 23. Be2 Qb7 24. f3 Bxf3 25. Qf4 Bxe2+ 26. Rxe2 Qh1+ 27.
Kf2 Qxd1 28. Ba3 Ng6 29. Qd2 Rxe2+ 30. Qxe2 Qxe2+ 31. Kxe2 Re8+ 0-1

[Event "Mechanics' SummerTNM; 30/90, SD/30"]
[Site "San Francisco"]
[Date "2014.06.24"]
[Round "5.34"]
[White "Hood, Bryan"]
[Black "Cowgill, Jackie"]
[Result "1-0"]
[WhiteElo "1092"]
[BlackElo "1019"]
[PlyCount "69"]
[EventDate "2014.??.??"]

1. d4 d5 2. c4 c6 3. Nc3 Nf6 4. Nf3 dxc4 5. Bg5 b5 6. Qc2 Nbd7 7. g3 e6 8. Bg2
Be7 9. Ne5 Bb7 10. Bxc6 Bxc6 11. Nxc6 Qc7 12. Nxe7 Qb7 13. O-O Kxe7 14. b3 h6
15. Bf4 Rhd8 16. bxc4 bxc4 17. Rab1 Qc6 18. Nb5 Qe4 19. Qxc4 e5 20. Qb4+ Ke6
21. Nc7+ Kf5 22. Nxa8 exf4 23. Qa5+ Kg6 24. Qxd8 fxg3 25. hxg3 Qxd4 26. Rbd1
Qg4 27. Kg2 Qe4+ 28. Kg1 Qxe2 29. Rxd7 Nxd7 30. Qxd7 Qxa2 31. Rd1 a5 32. Rd6+
f6 33. Qg4+ Kf7 34. Rd7+ Kg8 35. Qxg7# 1-0

[Event "Mechanics' Spring TNM; 30/90, SD/30"]
[Site "San Francisco"]
[Date "2014.04.29"]
[Round "7.27"]
[White "Hood, Bryan"]
[Black "Frank, Robert"]
[Result "0-1"]
[WhiteElo "1095"]
[BlackElo "1438"]
[PlyCount "36"]
[EventDate "2014.??.??"]

1. e4 e5 2. Nf3 Nf6 3. Nxe5 d6 4. Nf3 Nxe4 5. d4 d5 6. Bd3 Bd6 7. c4 Bb4+ 8.
Nbd2 Bg4 9. O-O Bxd2 10. Bxd2 O-O 11. Bf4 c6 12. Be2 Re8 13. Ne5 Bxe2 14. Qxe2
f6 15. Nf3 Ng3 16. Qd3 Ne2+ 17. Kh1 Nxf4 18. Qf5 Ng6 0-1

[Event "Mechanics' Spring TNM; 30/90, SD/30"]
[Site "San Francisco"]
[Date "2014.03.25"]
[Round "2.29"]
[White "Hood, Bryan"]
[Black "Furukawa, Jon"]
[Result "1-0"]
[WhiteElo "1095"]
[BlackElo "1533"]
[PlyCount "90"]
[EventDate "2014.??.??"]

1. e4 e5 2. Nf3 Nc6 3. Bb5 a6 4. Ba4 Nf6 5. d3 b5 6. Bb3 Be7 7. Nc3 O-O 8. Be3
d6 9. O-O Bg4 10. a3 Na5 11. Ba2 c5 12. b4 cxb4 13. axb4 Nc6 14. Nd5 Nxd5 15.
Bxd5 Rc8 16. c3 a5 17. bxa5 Nxa5 18. h3 Bxf3 19. Qxf3 Nc6 20. Rfb1 Bg5 21. Rxb5
Bxe3 22. Qxe3 Ne7 23. Bc4 Ng6 24. g3 Kh8 25. Rb7 f5 26. exf5 Rxf5 27. Be6 Qf8
28. Bxf5 Qxf5 29. Kg2 Qe6 30. c4 Ne7 31. Raa7 Nf5 32. Qg5 Qg6 33. Qxg6 hxg6 34.
g4 Nd4 35. Rxg7 Ne6 36. Rgd7 Nf4+ 37. Kg3 d5 38. cxd5 Nxd3 39. Rg7 Nf4 40. d6
Rc3+ 41. f3 Rc2 42. Rgc7 Rg2+ 43. Kh4 g5+ 44. Kxg5 Ne6+ 45. Kf6 Nxc7 1-0

[Event "Mechanics' SummerTNM; 30/90, SD/30"]
[Site "San Francisco"]
[Date "2014.07.15"]
[Round "8.29"]
[White "Hood, Bryan"]
[Black "McKellar, Daniel"]
[Result "1-0"]
[WhiteElo "1092"]
[BlackElo "1529"]
[PlyCount "87"]
[EventDate "2014.??.??"]

1. d4 d5 2. c4 c6 3. Nc3 Nf6 4. Nf3 e6 5. e3 Nbd7 6. Bd3 dxc4 7. Bxc4 b5 8. Bd3
Bb7 9. a3 a5 10. e4 Qc7 11. Qc2 e5 12. Nxb5 Qb6 13. dxe5 cxb5 14. exf6 Nxf6 15.
Be3 Qc6 16. Qb3 b4 17. a4 Ba6 18. Rc1 Qb7 19. O-O Bxd3 20. Qxd3 Nxe4 21. Bf4
Rd8 22. Qe3 Be7 23. Rfe1 f5 24. Ne5 O-O 25. Nc6 Rd7 26. f3 g5 27. Nxe7+ Rxe7
28. Bxg5 Nxg5 29. Qxe7 Qb6+ 30. Qc5 Qf6 31. Qe5 Qb6+ 32. Rc5 Rf6 33. Qc7 Qxc7
34. Rxc7 Nf7 35. Re8+ Kg7 36. Ra8 Rd6 37. Rxa5 Kg6 38. Raa7 Ng5 39. h4 Ne6 40.
Rd7 Rc6 41. Rd1 Nf4 42. Kf1 Rc2 43. Rd6+ Kh5 44. Rxh7# 1-0

[Event "Mechanics' Whitehead TNM; 30/90, SD/30"]
[Site "San Francisco"]
[Date "2014.09.30"]
[Round "9.18"]
[White "Hood, Bryan"]
[Black "Rakonitz, David"]
[Result "1/2-1/2"]
[WhiteElo "1258"]
[BlackElo "1558"]
[Annotator "Donaldson"]
[PlyCount "77"]
[EventDate "2014.??.??"]

1. d4 Nf6 2. c4 e6 3. Nf3 b6 4. g3 Bb7 5. Bg2 Be7 6. Nc3 O-O 7. O-O d5 8. Qb3 (
8. Ne5 Na6 (8... Nbd7 9. Qa4) (8... c6 9. e4 Nbd7 $2 10. Nxc6 Bxc6 11. exd5
exd5 12. cxd5 Bb7 13. d6 Bxg2 14. dxe7 Qxe7 15. Kxg2 {
winning a pawn is a well-known trap.})) 8... dxc4 9. Qxc4 Nc6 10. Bf4 Bd6 11.
Ne5 Na5 12. Qd3 Bxg2 13. Kxg2 c5 14. dxc5 Bxc5 15. Rad1 Qc8 16. Qc2 Nc6 17. Nd3
Be7 18. Nb5 Qb7 19. f3 Nd5 20. Rc1 Nxf4+ 21. Nxf4 Rac8 22. Qe4 Qa8 23. Nd4 Nxd4
24. Qxd4 Rfd8 25. Rxc8 Qxc8 26. Qe5 Bf6 27. Qb5 g6 28. Nd3 Qc2 29. Rf2 Kg7 30.
Ne5 Qc7 31. Ng4 Qc2 32. Nxf6 Kxf6 33. h4 Rd7 34. Qg5+ Kg7 35. Qe5+ Kf8 36. Qb8+
Kg7 37. Qe5+ Kf8 38. Qb8+ Kg7 39. Qe5+ 1/2-1/2

[Event "Mechanics' SummerTNM; 30/90, SD/30"]
[Site "San Francisco"]
[Date "2014.06.03"]
[Round "2.31"]
[White "Hood, Bryan"]
[Black "Robertson, Guy"]
[Result "1-0"]
[WhiteElo "1092"]
[BlackElo "1524"]
[Annotator "Donaldson"]
[PlyCount "55"]
[EventDate "2014.??.??"]

1. d4 Nf6 2. c4 d6 3. Nc3 g6 4. Nf3 Bg7 5. Bf4 O-O 6. e3 Nh5 7. Bg5 h6 8. Bh4
Nd7 9. Nd5 $6 (9. Be2) (9. Bd3) 9... Nhf6 10. Bd3 c6 11. Nxf6+ Nxf6 12. O-O Qc7
13. c5 $6 (13. e4) 13... dxc5 14. dxc5 Rd8 15. b4 $2 (15. Qc2) 15... Bg4 (15...
Nh5 $1 16. Rb1 Bf5) 16. Bg3 Qc8 17. Qb3 Bxf3 18. gxf3 Nh5 $2 {Diagram #} (18...
Nd5) 19. Bxg6 $1 Nxg3 20. Qxf7+ Kh8 21. fxg3 Qd7 22. Bf5 Qd2 23. Qg6 Qxe3+ 24.
Kh1 Kg8 25. Rae1 Qg5 26. Qh7+ Kf8 27. Be6 $1 Rd2 28. Qg8# 1-0

[Event "Mechanics' Whitehead TNM; 30/90, SD/30"]
[Site "San Francisco"]
[Date "2014.09.09"]
[Round "6.21"]
[White "Hood, Bryan"]
[Black "Sadowsky, Jacob"]
[Result "0-1"]
[WhiteElo "1258"]
[BlackElo "1736"]
[Annotator "Donaldson"]
[PlyCount "75"]
[EventDate "2014.??.??"]

1. d4 Nf6 2. c4 g6 3. Nf3 Bg7 4. Nc3 O-O 5. g3 d6 6. Bg2 Nc6 7. d5 Na5 8. Qd3
b6 $6 (8... c5) (8... c6) 9. b4 (9. O-O Ba6 10. Nd2 {
and the knight on a5 is not well-placed.}) 9... Nb7 ({Black should have tried} 
9... Bf5 {after} 10. e4 Nxe4 11. Nxe4 Bxa1 12. bxa5 {the two pieces should be
better than the rook and pawn but the position is not easy. After the text
Black is suffering because of the knight on b7 which has no easy way to get
back into the game.}) 10. Nd4 (10. Rb1 {meeting} a5 {with} 11. a3 {
containing the knight.}) 10... Ng4 (10... a5 $1 11. Nc6 Qe8 {
and the black knight comes to c5.}) 11. Nc6 Ne5 12. Qc2 Qe8 13. Nb5 Nxc6 $2 (
13... Bf5 $1 {wuth the tactical point} 14. e4 Nxc6 15. dxc6 Qxc6 $1) 14. Nxc7
$4 (14. dxc6 {wins material. The trickiest line is} Bh3 15. Be4 $1) 14... Nxb4
15. Qb3 Qd8 16. Nxa8 Bxa1 17. Qxb4 Bd7 18. Nxb6 Qxb6 19. Qxb6 Bc3+ 20. Bd2
Bxd2+ 21. Kxd2 axb6 22. Rb1 Ra8 23. Rb2 Nc5 24. e4 Ra3 25. f4 Nd3 26. Rxb6 Nxf4
27. gxf4 Rxa2+ {This should be an easy win for Black provided he is careful.}
28. Ke3 Rxg2 29. Rb7 Be8 (29... Bg4 {keeping the bishop active} 30. Rxe7 Rxh2
31. e5 Kf8 32. Ra7 Re2+ 33. Kd4 dxe5+ 34. fxe5 h5 {
and Black's h-pawn is very fast.}) 30. Rxe7 Kf8 31. Ra7 Rxh2 32. e5 dxe5 33.
fxe5 Rb2 34. c5 Rb8 35. c6 Bxc6 36. dxc6 Rc8 {Diagram #} 37. e6 $1 {
A very nice move which should save the day.} Rxc6 (37... fxe6 38. Rxh7 Rxc6 39.
Kd4 {with Ke5 to follow. The difference in king activity saves White.} ({Not} 
39. Ke4 Rc5 $1 {cutting off the king and preparing ...Rf5-f7.})) 38. exf7 (38.
Rxf7+ Kg8 (38... Ke8 39. Rxh7 Rxe6+ 40. Kf4 $11) 39. Re7 h5 40. Ke4 Rc5 41. Rd7
{is an easy draw thanks to White's active king and rook and advanced passed
pawn.}) 0-1

[Event "Mechanics' Fall TNM; 30/90, SD/30"]
[Site "San Francisco"]
[Date "2014.11.25"]
[Round "5.27"]
[White "Hood, Bryan"]
[Black "Sherwood, Peter"]
[Result "0-1"]
[WhiteElo "1352"]
[BlackElo "1722"]
[Annotator "Donaldson"]
[PlyCount "34"]
[EventDate "2014.??.??"]

1. d4 d5 2. c4 dxc4 3. e3 e5 4. Bxc4 exd4 5. Qxd4 $6 ({
It makes no sense to trade queens with an IQP. Standard is} 5. exd4 {
, when Black can choose between} Nf6 (5... Bb4+ {and}) (5... Bd6)) 5... Qxd4 6.
exd4 Nc6 7. Bb5 $6 {Losing time.} (7. Ne2 {looks best as}) (7. Nf3 Bg4 {
is awkward.}) 7... Bd7 8. Bxc6 $6 {Losing more time.} (8. Ne2) 8... Bxc6 9. f3
O-O-O 10. Ne2 Ne7 11. O-O Nf5 12. Rd1 $6 {Diagram #} (12. Nbc3) 12... Bc5 $1 {
The punishment for White's falling behind in development.} 13. Nbc3 Nxd4 14.
Nxd4 Bxd4+ 15. Kh1 $2 (15. Kf1 Bxc3 16. Rxd8+ Rxd8 17. bxc3 Rd1+ 18. Ke2 Rh1
19. Bb2 Rxh2 20. Kf2 {allows White to continue the fight, but with very small
chances of making a draw.}) 15... Bxc3 16. Be3 Rxd1+ 17. Rxd1 Bxb2 0-1

[Event "Mechanics' SummerTNM; 30/90, SD/30"]
[Site "San Francisco"]
[Date "2014.07.01"]
[Round "6.26"]
[White "Hood, Bryan"]
[Black "Simpkins, Jerry"]
[Result "1/2-1/2"]
[WhiteElo "1092"]
[BlackElo "1478"]
[Annotator "Donaldson"]
[PlyCount "71"]
[EventDate "2014.??.??"]

1. d4 d5 2. c4 e6 3. Nc3 Nf6 4. Nf3 Be7 5. g3 Nc6 6. Bg2 Ne4 7. cxd5 Nxc3 8.
bxc3 exd5 9. O-O Be6 10. a4 O-O 11. Bf4 Bd6 12. Bg5 f6 13. Qd2 fxg5 14. Nxg5
Qd7 15. Qd3 g6 16. Qb5 Be7 17. Nxe6 Rf5 18. Nf4 Rd8 19. Bh3 a6 20. Qxb7 Rb8 21.
Bxf5 gxf5 22. Qxa6 Bg5 23. Nh5 Qe8 24. f4 Rb6 25. fxg5 (25. Qd3) 25... Qe3+ 26.
Kg2 Rxa6 27. Rxf5 Qxe2+ 28. Rf2 Qxh5 29. Raf1 Na5 30. Rf8+ Kg7 31. h4 Nc4 32.
Kh3 Ne3 33. R1f4 Rxa4 34. g4 Nxg4 35. Rd8 Ne3 36. Rd7+ 1/2-1/2

[Event "Mechanics' Fall TNM; 30/90, SD/30"]
[Site "San Francisco"]
[Date "2014.12.09"]
[Round "7.31"]
[White "Hood, Bryan"]
[Black "Standen, Julian"]
[Result "1-0"]
[WhiteElo "1352"]
[BlackElo "1652"]
[PlyCount "91"]
[EventDate "2014.??.??"]

1. d4 d5 2. c4 c6 3. Nc3 Nf6 4. Nf3 dxc4 5. e3 Bf5 6. Bxc4 e6 7. h3 h6 8. O-O
Be7 9. Re1 O-O 10. e4 Bh7 11. Bf4 Nbd7 12. Qe2 Re8 13. Rad1 Bb4 14. Qc2 Rc8 15.
a3 Bf8 16. Bd3 a6 17. Na4 b5 18. Nc5 Qb6 19. b4 Nxc5 20. dxc5 Qb7 21. Qc3 Rcd8
22. Ne5 Nd7 23. Nf3 Nf6 24. Bxh6 Nxe4 25. Bxe4 Bxe4 26. Bd2 Bxf3 27. Qxf3 Rd5
28. Bf4 Red8 29. Bd6 Bxd6 30. Rxd5 cxd5 31. cxd6 Rxd6 32. Rc1 Rc6 33. Rd1 Qc7
34. Qe3 Rc3 35. Qd4 Qc4 36. Qb6 Rxa3 37. Rd4 Ra1+ 38. Kh2 Qc8 39. Rg4 Rc1 40.
Qd4 g6 41. Qf6 Qc7+ 42. g3 Qc3 43. Qd8+ Kg7 44. Rh4 f5 45. Qh8+ Kf7 46. Rh7+
1-0

[Event "Mechanics' Winter TNM; 30/90, SD/30"]
[Site "San Francisco"]
[Date "2014.02.18"]
[Round "7.35"]
[White "Hood, Bryan"]
[Black "West, David"]
[Result "0-1"]
[WhiteElo "979"]
[BlackElo "1373"]
[PlyCount "56"]
[EventDate "2014.??.??"]

1. e4 e6 2. d4 d5 3. e5 c5 4. c3 Qb6 5. Qb3 Bd7 6. Nf3 Nc6 7. Be3 Na5 8. Qxb6
axb6 9. Nbd2 f6 10. g4 Nc6 11. Be2 fxe5 12. Nxe5 Nxe5 13. dxe5 Ne7 14. f4 Ng6
15. Nf3 Be7 16. g5 O-O 17. O-O Nxf4 18. Bxf4 Rxf4 19. h4 Be8 20. Kf2 Bh5 21.
Ke3 Raf8 22. Rad1 Re4+ 23. Kf2 c4 24. Rd4 Bc5 25. Ke1 Bxd4 26. Nxd4 Rxf1+ 27.
Kxf1 Bxe2+ 28. Nxe2 Rxh4 0-1

[Event "Mechanics' Fall TNM; 30/90, SD/30"]
[Site "San Francisco"]
[Date "2014.10.28"]
[Round "2.33"]
[White "Hood, Bryan"]
[Black "Yamamoto, Craig"]
[Result "1-0"]
[WhiteElo "1352"]
[BlackElo "1625"]
[PlyCount "85"]
[EventDate "2014.??.??"]

1. d4 Nf6 2. c4 e6 3. Nf3 b6 4. g3 Bb7 5. Bg2 Bb4+ 6. Nc3 O-O 7. O-O d5 8. Ne5
c6 9. Bg5 Be7 10. Qc2 h6 11. Bf4 Nfd7 12. Nxd7 Qxd7 13. cxd5 cxd5 14. Rad1 Na6
15. a3 Rac8 16. Qd3 Nc7 17. Qf3 f5 18. g4 fxg4 19. Qxg4 Kh8 20. Be5 Bf6 21. Qg3
Bxe5 22. dxe5 Nb5 23. Rc1 Nxc3 24. Rxc3 Rxc3 25. Qxc3 Ba6 26. Bf3 Rf4 27. Rc1
Rc4 28. Qd2 Qc7 29. Rxc4 Qxc4 30. Qc3 Qxc3 31. bxc3 Bc4 32. e4 dxe4 33. Bxe4
Kg8 34. Bg6 Kf8 35. f4 Ke7 36. Kf2 Bd5 37. Ke3 Kd7 38. Kd4 Bb3 39. f5 Ke7 40.
c4 Bc2 41. f6+ gxf6 42. exf6+ Kxf6 43. Bxc2 1-0

[Event "Mechanics' Winter TNM; 30/90, SD/30"]
[Site "San Francisco"]
[Date "2014.01.28"]
[Round "4.35"]
[White "Hood, Bryan"]
[Black "Yamamoto, Craig"]
[Result "1/2-1/2"]
[WhiteElo "979"]
[BlackElo "1500"]
[PlyCount "101"]
[EventDate "2014.??.??"]

1. e4 c6 2. d4 d5 3. e5 Bf5 4. Nf3 e6 5. c4 Bxb1 6. Rxb1 Qa5+ 7. Bd2 Qxa2 8.
Qc2 c5 9. cxd5 Qxd5 10. Bc4 Qc6 11. O-O Ne7 12. Qb3 a6 13. dxc5 Nd7 14. Nd4 Qc7
15. Qa4 Nc6 16. Nxc6 Qxc6 17. Qc2 Be7 18. b4 Nxe5 19. b5 Qxc5 20. bxa6 bxa6 21.
Qa4+ Kf8 22. Rfc1 Qa7 23. Be3 Qd7 24. Bb5 Qd8 25. Bxa6 Ng6 26. Bb6 Qe8 27.
Qxe8+ Rxe8 28. Ba5 Ra8 29. Rc8+ Rxc8 30. Bxc8 Kg8 31. Rb8 Bf8 32. Ba6 h5 33. g3
Kh7 34. Rb5 Kg8 35. h4 Be7 36. Rb8+ Kh7 37. Rxh8+ Nxh8 38. Bd3+ f5 39. f4 Kg8
40. Kf2 Kf7 41. Bc3 Ng6 42. Bc4 Bf6 43. Bxf6 Kxf6 44. Be2 e5 45. fxe5+ Nxe5 46.
Bxh5 Ng4+ 47. Bxg4 fxg4 48. Ke3 Ke5 49. Kd3 Kd5 50. Ke3 Ke5 51. Kd3 1/2-1/2